Gesicherte Ernährung - ein Wert des Sozialismus

Enregistré dans:
Détails bibliographiques
Auteur principal: Ahrends, Klaus
Format: Livre
Langue:allemand
Publié: Berlin Dietz 1987
Édition:1. Aufl.
Tags: Ajouter un tag
Pas de tags, Soyez le premier à ajouter un tag!

MARC

LEADER 00000nam a2200000 4500
001 c026439
005 20221219111006.6
041 0 |a ger 
044 |a DE 
245 1 0 |a Gesicherte Ernährung - ein Wert des Sozialismus  |c Klaus Ahrends 
250 |a 1. Aufl. 
264 1 |a Berlin  |b Dietz  |c 1987 
300 |a 64 s. 
100 1 |a Ahrends, Klaus